Matilda Song Quiz - Statistics

General Stats
  • This quiz has been taken 23 times
    22 since last reset
  • The average score is 10 of 21
Answer Stats
Songs % Correct
Revolting Children
84%
Bruce
79%
When I Grow Up
79%
When I Grow Up/Naughty (Reprise)
79%
Naughty
68%
Miracle
63%
School Song
63%
My House
58%
Quiet
58%
The Hammer
58%
The Smell Of Rebellion
53%
This Little Girl
47%
Loud
37%
Chokey Chant
32%
I'm Here
32%
Pathetic
26%
Telly
21%
Still Holding My Hand
16%
Once Upon A Time
5%
The Great Day Arrived
5%
The Trick Started Well...
5%
No matching quizzes found
Score Distribution
Percent of People with Each Score
Percentile by Number Answered
Your Score History
You have not taken this quiz since the last reset